Countries that Tui offer holidays to - Statistics

General Stats
  • This quiz has been taken 106 times
  • The average score is 23 of 59
Answer Stats
Countries % Correct
Spain
95%
United States of America
89%
Greece
85%
Portugal
79%
Turkey
77%
Italy
76%
Mexico
76%
Germany
68%
Croatia
64%
Egypt
62%
Canada
58%
Cyprus
58%
Thailand
55%
United Arab Emirates
55%
Austria
52%
Morocco
52%
Tunisia
50%
Malta
48%
India
47%
Dominican Republic
44%
Bulgaria
42%
Japan
41%
South Africa
41%
Jamaica
39%
Switzerland
39%
Barbados
38%
China
38%
Finland
38%
Cape Verde
36%
Cuba
36%
Iceland
33%
Indonesia
33%
Israel
32%
Montenegro
32%
Maldives
29%
Mauritius
29%
Poland
29%
Albania
27%
Vietnam
27%
Malaysia
26%
Seychelles
24%
Slovenia
24%
St Lucia
24%
Costa Rica
21%
Antigua and Barbuda
20%
Kenya
18%
Aruba
15%
Gambia
15%
Oman
15%
Sri Lanka
15%
Czechia
14%
Tanzania
14%
Jordan
12%
Trinidad and Tobago
12%
Grenada
11%
Uzbekistan
8%
Peru
6%
Zimbabwe
5%
Ecuador
3%
No matching quizzes found
Score Distribution
Percent of People with Each Score
Percentile by Number Answered
Your Score History
You have not taken this quiz